Using online scientific & engineering databases

Bibliographic Details
Main Author: Bjelland, Harley
Format: Book
Published: New York : McGraw-Hill , 1992
Subjects:

MARC

LEADER 00000cam a2200000 7i4500
001 0000002438
002 000002658
005 20081103.0
020 |a 0830630562 
090 0 0 |a 025.065   |b BJE 
100 1 |a Bjelland, Harley 
245 1 0 |a Using online scientific & engineering databases   |c Harley Bjelland 
260 |a New York :   |b McGraw-Hill ,   |c 1992 
300 |a 213p. ;   |c 23cm. 
650 0 0 |a Engineering   |x Data bases 
650 0 0 |a On-line data processing 
650 0 0 |a Science   |x Databases 
999 |a 035853   |b BUKU   |c PINJAMAN   |e PERPUSTAKAAN KOMUNITI PETALING JAYA